Văn học Nga trong nhà trường

Sách gồm các nội dung cuộc đời và sự nghiệp của một số nhà văn, phân tích và bình giảng tác phẩm, một số bài thơ và trích đoạn của văn học Nga trong nhà trường.

Bewaard in:
Bibliografische gegevens
Formaat: Boek
Taal:Undetermined
Gepubliceerd in: Hà Nội Giáo dục Việt Nam 2011
Onderwerpen:
Tags: Voeg label toe
Geen labels, Wees de eerste die dit record labelt!
Thư viện lưu trữ: Trung tâm Học liệu Trường Đại học Cần Thơ
LEADER 00870nam a2200217Ia 4500
001 CTU_231024
008 210402s9999 xx 000 0 und d
020 |c 36000 
082 |a 891.7 
082 |b V115 
245 0 |a Văn học Nga trong nhà trường 
245 0 |c Hà Thị Hòa (biên soạn và tuyển chọn) 
260 |a Hà Nội 
260 |b Giáo dục Việt Nam 
260 |c 2011 
520 |a Sách gồm các nội dung cuộc đời và sự nghiệp của một số nhà văn, phân tích và bình giảng tác phẩm, một số bài thơ và trích đoạn của văn học Nga trong nhà trường. 
526 |a Văn học Nga 
526 |b SP529 
650 |a Văn học Nga,Russian literature 
910 |b vtbtruc 
980 |a Trung tâm Học liệu Trường Đại học Cần Thơ